| 000 | 00886nam a22002417a 4500 | ||
|---|---|---|---|
| 999 |
_c4396 _d4396 |
||
| 003 | AR-CdUCM | ||
| 008 | 190308b ||||| |||| 00| 0 spa d | ||
| 040 |
_aMUNICIPALIDAD PROVINCIAL DEL CUSCO _cBIBLIOTECA MUNICIPAL DEL CUSCO |
||
| 041 | _heng | ||
| 082 |
_a720.8 / _bJ39 |
||
| 100 |
_aJencks, Charles. _913870 |
||
| 245 | _aArquitectura 2000 : predicciones y métodos / | ||
| 260 |
_aBarcelona : _bEdit. Blume, _c1975. |
||
| 300 |
_a146 páginas ; _bIlustraciones, _c23 cm. |
||
| 440 |
_aNuevos caminos de la arquitectura _913816 |
||
| 505 | _aFilosofías del futuro -- Tendencias Inexorables -- La tradición inconciente de si misma -- Escenario de las tradiciones conscientes... | ||
| 650 |
_aArquitectura _93356 |
||
| 650 |
_aArte _9561 |
||
| 650 |
_aFotografía arquitectónica _913871 |
||
| 650 |
_aDibujo arquitectónico _913872 |
||
| 942 |
_2ddc _cLIBROS |
||
| 945 | _admma | ||